Xây dựng ngân hàng câu hỏi tự luận cho các học phần cơ sở văn hóa VN, văn hóa ẩm thực, phong tục lễ hội, văn hóa Chawmpa, thể chế chính trị VN
Đã lưu trong:
| 主要作者: | |
|---|---|
| 格式: | 图书 |
| 出版: |
2011
|
| 标签: |
添加标签
没有标签, 成为第一个标记此记录!
|
| Thư viện lưu trữ: | Mạng thư viện Đại học Đà Nẵng |
|---|
| LEADER | 00852nam a2200229 4500 | ||
|---|---|---|---|
| 001 | 000021417 | ||
| 003 | 17865 | ||
| 005 | 20150420140401.0 | ||
| 008 | 150420s2011 sd | ||
| 100 | 1 | |a Trương Anh Thuận |e Chủ nhiệm đề tài | |
| 245 | 1 | 0 | |a Xây dựng ngân hàng câu hỏi tự luận cho các học phần cơ sở văn hóa VN, văn hóa ẩm thực, phong tục lễ hội, văn hóa Chawmpa, thể chế chính trị VN |c Trương Anh Thuận |
| 260 | |c 2011 | ||
| 500 | |a Đề tài NCKH cấp Trường Đại học Sư Phạm Đà Nẵng . Mã số : T2011-03-22 | ||
| OWN | |a LSP | ||
| 999 | |a From the UDN01 | ||
| TYP | |a Mixed Materials | ||
| TYP | |a Monograph | ||
| TYP | |a Printed language | ||
| 980 | |a Mạng thư viện Đại học Đà Nẵng | ||